| 000 | 01570nam0a2200337 4500 | ||
|---|---|---|---|
| 001 | RU\NLR\bibl\1268829 | ||
| 005 | 20250615133323.0 | ||
| 021 |
_aRU _b2008-51032 _92827 |
||
| 035 | _a(NLR Aleph) 001254727 | ||
| 090 |
_a341408 _c341408 |
||
| 100 | _a20080903d2008 |||y0rusy50 ca | ||
| 101 | 0 |
_arus _deng |
|
| 102 | _aRU | ||
| 105 | _aa ||||||||| | ||
| 200 | 1 |
_aОборудование внутрикамерных обмоток в токамаке Т-10 для оптимизации процессов взаимодействия плазма-стенка и стабилизации квазистационарных МГД возмущений _fП.В. Саврухин, Л.Н. Химченко, В.П. Будаев |
|
| 210 |
_aМосква _cКурчатовский институт _d2008 |
||
| 215 |
_a72 с. _cил. _d22 |
||
| 225 | 1 |
_aПрепринт _fРос. науч. центр "Курчат. ин-т" _vИАЭ-6514/7 |
|
| 300 | _aРез. на англ. яз. | ||
| 320 | _aБиблиогр.: с. 46-57 | ||
| 606 | 1 |
_aT-10, магнитные ловушки _xПлазма _xСтабилизация _92536273 _3RU\NLR\auth\661501930 |
|
| 606 | 1 |
_aT-10, магнитные ловушки _xОбмотки _92536275 _3RU\NLR\auth\661501931 |
|
| 686 | _aВ333.432 | ||
| 700 | 1 |
_aСаврухин _bП. В. _dПетр Всеволодович _4070 |
|
| 701 | 1 |
_aХимченко _bЛ. Н. _4070 |
|
| 701 | 1 |
_aБудаев _bВ. П. _4070 |
|
| 801 | 0 |
_aRU _bNLR _c20080328 _gRCR |
|
| 801 | 1 |
_aRU _bNLR _c20080328 |
|
| 942 | _cBOOK | ||
| 980 | _aNB | ||